| 000 | 01008nam a2200229 a 4500 | ||
|---|---|---|---|
| 001 | BRCA_19 | ||
| 005 | 20190320202839.0 | ||
| 008 | 931117s1991 mx-a---##b---#000-0#spa-# | ||
| 040 |
_aDLC _cDLC _dDLC |
||
| 050 | 4 |
_aND1367.M4 _b.F47 1991 |
|
| 100 | 1 |
_aFernández Ruiz, Consuelo _992 |
|
| 245 | 1 | 0 |
_aEl paisaje mexicano en la pintura del siglo XIX y principios del XX _ctextos Consuelo Fernández Ruiz, Leticia Gámez Ludgar, María de los Angeles Sobrino Figueroa ; fotografía Enrique Salazar e Híjar. |
| 260 |
_a[México] _bFomento Cultural Banamex _c1991 |
||
| 300 |
_a93 p. _bil. a color _c28 cm. |
||
| 500 | _aCatálogo de la exposición realizada en el Palacio de Iturbide (Ciudad de México), junio-octubre, 1991. | ||
| 500 | _aEstado físico: encuadernado, enero 2013 | ||
| 504 | _aBibliografía: p. 91-93 | ||
| 650 | 1 | 4 |
_aPinturas paisajista mexicana _vExposiciones _ySiglos XIX-XX _993 |
| 700 | 1 |
_aGámez Ludgar, Leticia _994 |
|
| 700 | 1 |
_aSobrino Figueroa, María de los Angeles _995 |
|
| 942 |
_2lcc _cB |
||
| 999 |
_c19 _d19 |
||